00407nam a2200157Ia 4500008004100000020001500041041001200056082001600068100001800084245007400102250000800176260002500184300000900209650001500218700001600233221030s9999 xx 000 0 und d a8120312430 aEnglish a105.23bDeg aE. P. Degarmo 0aMaterials & processes in Manufacturingcby E. P. Degarmo, J. T. Black a8th bPHIaNew Delhic2001 a1259 aMechanical aJ. T. Black